书目信息 |
| 题名: |
雷激古琴系列
|
|
| 作者: | 陈雷激 编著 | |
| 分册: | 经典琴曲 | |
| 出版信息: | 上海 上海音乐出版社 2020.8 |
|
| 页数: | 144页 | |
| 开本: | 31cm | |
| 丛书名: | ||
| 单 册: | ||
| 中图分类: | J648.31 | |
| 科图分类: | ||
| 主题词: | 古琴--乐谱--中国--现代--选集 | |
| 电子资源: | ||
| ISBN: | 978-7-5523-1990-3 | |
| 000 | 01245nam0 2200265 45 | |
| 001 | 012001001551 | |
| 005 | 20130912155419.0 | |
| 010 | @a978-7-5523-1990-3@dCNY80.00 | |
| 100 | @a20201022d2020 em y0chiy0110 ea | |
| 101 | 0 | @achi |
| 102 | @aCN@b310000 | |
| 105 | @ag z 000yy | |
| 106 | @ar | |
| 200 | 1 | @a雷激古琴系列@Alei ji gu qin xi lie@i经典琴曲@f陈雷激编著 |
| 210 | @a上海@c上海音乐出版社@d2020.8 | |
| 215 | @a144页@c乐谱@d31cm | |
| 300 | @a其他题名:经典琴曲 | |
| 314 | @a陈雷激,著名古琴演奏家、音乐家。1967年出生于上海音乐世家,上海音乐学院古琴毕业,中央音乐学院指挥硕士,常年旅居法国从事演奏、作曲与指挥,现任中国音乐学院古琴专业教授。 | |
| 330 | @a本书为其古琴教学系列丛书“雷激古琴系列”的第二本“进阶曲集”,延续丛书的五线谱与减字谱打谱规范与装帧风格,主要收录曲目如下:酒狂,平沙落雁,神人畅,古风操,幽兰,流水,忆故人,梅花三弄,醉渔唱晚,欸乃,潇湘水云,广陵散,龙翔操,长门怨,捣衣,瑶族舞曲,楼兰散,乌夜啼。同时,本书将运用我社“古琴减字谱富媒体数字化应用平台”的字库与输入法打谱,是国内第一套达到国际字符标准的古琴出版物。 | |
| 517 | 1 | @a经典琴曲 |
| 606 | 0 | @a古琴@x乐谱@y中国@z现代@j选集 |
| 690 | @aJ648.31@v5 | |
| 701 | 0 | @a陈雷激@Achen lei ji@f(1997-)@4编著 |
| 801 | @aCN@b江苏凤凰@c20211018 | |
| 905 | @b1343941-4@dJ648.31@e275@f4 | |
| 雷激古琴系列.经典琴曲/陈雷激编著.-上海:上海音乐出版社,2020.8 |
| 144页:乐谱;31cm |
| 其他题名:经典琴曲 |
| ISBN 978-7-5523-1990-3:CNY80.00 |
| 本书为其古琴教学系列丛书“雷激古琴系列”的第二本“进阶曲集”,延续丛书的五线谱与减字谱打谱规范与装帧风格,主要收录曲目如下:酒狂,平沙落雁,神人畅,古风操,幽兰,流水,忆故人,梅花三弄,醉渔唱晚,欸乃,潇湘水云,广陵散,龙翔操,长门怨,捣衣,瑶族舞曲,楼兰散,乌夜啼。同时,本书将运用我社“古琴减字谱富媒体数字化应用平台”的字库与输入法打谱,是国内第一套达到国际字符标准的古琴出版物。 |
| ● |
| 相关链接 |
|
|
|
|
正题名:雷激古琴系列
索取号:J648.31/275
 
预约/预借
| 序号 | 登录号 | 条形码 | 馆藏地/架位号 | 状态 | 备注 |
| 1 | 1343941 | 213439411 | 第一样本阅览室/ [索取号:J648.31/275] | 在馆 | |
| 2 | 1343942 | 213439420 | 第一借阅区/ [索取号:J648.31/275] | 在馆 | |
| 3 | 1343943 | 213439439 | 第一借阅区/ [索取号:J648.31/275] | 在馆 | |
| 4 | 1343944 | 213439448 | 第一借阅区/ [索取号:J648.31/275] | 在馆 |